"Property - a desirable portfolio asset?"

Bibliographic Details
Main Author: Fong Yee Mei
Corporate Author: INSPEN
Format: Book
Subjects:
Online Access:http://app.inspen.gov.my:7779/pls/portal/docs/PAGE/CORPORATEPAGES/PORTAL_INSPEN/LAPORAN_PENYELIDIKAN_DI_PERPUSTAKAAN/FH.PDF

MARC

LEADER 00000cam a2200000 7i4500
001 0000007397
005 20070906.0
040 |a INS 
090 0 0 |a RESEARCH 93 
100 0 |a Fong Yee Mei 
245 1 0 |a "Property - a desirable portfolio asset?" 
300 |c 30cm. 
500 |a Digital document is available on-line; Please click the URL below 
650 0 0 |a Portfolio asset 
650 0 0 |a Property portfolio management 
650 0 0 |a Real property 
710 2 |a INSPEN 
856 |u http://app.inspen.gov.my:7779/pls/portal/docs/PAGE/CORPORATEPAGES/PORTAL_INSPEN/LAPORAN_PENYELIDIKAN_DI_PERPUSTAKAAN/FH.PDF 
999 |a RES0000157   |b BOOK   |c Research By JPPH Staff   |e Default branch 
999 |a RES0000158   |b BOOK   |c Research By JPPH Staff   |e Default branch 
999 |a RES0000547   |b BOOK   |c Research By JPPH Staff   |e Default branch